| 000 | 01275nam a22003617a 4500 | ||
|---|---|---|---|
| 001 | 200443438 | ||
| 003 | TR-AnTOB | ||
| 005 | 20260120103004.0 | ||
| 007 | ta | ||
| 008 | 210908s2015 ||||| |||| 00| 0 tur d | ||
| 020 | _a9789756319253 | ||
| 040 |
_aTR-AnTOB _beng _erda _cTR-AnTOB |
||
| 041 | 0 | _aeng | |
| 050 | _aHT178 | ||
| 090 |
_aHT178 _b.F555 2015 |
||
| 245 |
_aFill in the blanks : _bFener-Balat workshop, İstanbul 22-29 June 2015 / _cedited by Şengül Öymen Gür, Ayşe Nilay Evcil, Pınar Öktem Erkartal. |
||
| 264 | 1 |
_aİstanbul : _bBeykent Üniversitesi, _c2015. |
|
| 300 |
_avii, 271 pages ; _c29 cm. |
||
| 336 |
_2rdacontent _atext _btxt |
||
| 337 |
_2rdamedia _aunmediated _bn |
||
| 338 |
_2rdacarrier _avolume _bnc |
||
| 490 | 0 |
_aBeykent press number : _v111 |
|
| 504 | _aIncludes bibliographical references. | ||
| 650 | 0 |
_aKent planlama _960852 |
|
| 650 | 7 |
_2etuturkob _aKent planlama _zTürkiye _zİstanbul _991037 |
|
| 650 | 0 |
_9120705 _aTarihi binalar _xKoruma ve restorasyon |
|
| 650 | 7 |
_aMimarlık _xKoruma ve restorasyon _2etuturkob _9151926 |
|
| 700 |
_992125 _aGür, Şengül Öymen _eeditor |
||
| 700 |
_9132558 _aEvcil, Ayşe Nilay _eeditor |
||
| 700 |
_9132559 _aErkart, Pınar Öktem _eeditor |
||
| 942 |
_2lcc _cBK |
||
| 999 |
_c200443438 _d61650 |
||